000
00369nam a2200169 a 4500
005
20140414093834.0
008
030610s19uu xx 00 eng d
050
_a
CD 530
_b
R #01
245
_a
Multimedia Physics 1 & 2.
942
_c
AVM
999
_c
108920
_d
108920